000 00775nam a2200253Ia 4500
003 OSt
005 20220926002541.0
006 a|||||r|||| 00| 0
007 ta
008 220923b |||||||| |||| 00| 0 eng d
020 _a9788123749556
_c97.75
037 _b891, 18/03/2013, Pranami Book Service
_cGeneral Book
040 _aRTL
_cRTL
_beng
041 _2eng
_aeng
082 _aV2:19.N47, P7
100 _aDUTT V P
245 0 _aIndia's foreign policy
_b Since independence.
260 _a New Delhi
_bNational Book Trust
_c2007
300 _aix,247p.
_ccm.
490 _aPopular social science
650 _aSociology
942 _hV2:19.N47, P7
_cGB
_2CC
999 _c605377
_d605377